[Event "GER North-chT U16"]
[Site "Verden an der Aller"]
[Date "2008.09.13"]
[Round "3.4"]
[White "Peil, Dominik"]
[Black "Pyoekaeri, Oenni"]
[Result "1-0"]
[WhiteElo "1232"]
[BlackElo "1079"]
[PlyCount "87"]
[EventDate "2008.09.12"]
[EventType "team-swiss"]
[EventRounds "6"]
[EventCountry "GER"]
[SourceTitle "EXT 2011"]
[Source "ChessBase"]
[SourceDate "2010.11.26"]
[SourceVersion "1"]
[SourceVersionDate "2010.11.26"]
[SourceQuality "1"]
[WhiteTeam "Treptow"]
[BlackTeam "Werder Bremen"]
[WhiteTeamCountry "GER"]
[BlackTeamCountry "GER"]

1. e4 e5 2. Nf3 Nc6 3. Bb5 d6 4. 0-0 Nf6 5. Re1 Be7 6. c3 0-0 7. d4 exd4 8. cxd4 Bg4 9. Bxc6 bxc6 10. Nc3 h6 11. Bf4 c5 12. d5 Rb8 13. b3 Nd7 14. Qd3 Bf6 15. h3 Bxf3 16. Qxf3 Ne5 17. Qg3 Ng6 18. Bd2 Re8 19. Re2 Re5 20. f4 Re8 21. Rc1 Rb4 22. f5 Bh4 23. Qd3 Ne5 24. Qc2 Bg5 25. Be3 c6 26. Rf1 Bxe3+ 27. Rxe3 Rd4 28. Rf4 Qg5 29. Ne2 cxd5 30. Rg3 Qd8 31. Nxd4 cxd4 32. exd5 d3 33. Qd2 Qb6+ 34. Rf2 Nd7 35. Rxd3 Nc5 36. Re3 Ne4 37. Qd3 Nxf2 38. Rxe8+ Kh7 39. Qe3 Nxh3+ 40. gxh3 Qa6 41. f6 Qxa2 42. fxg7 Qa1+ 43. Kf2 Qxg7 44. Qe4+ 1-0

[Event "GER North-chT U16"]
[Site "Verden an der Aller"]
[Date "2008.09.12"]
[Round "1.4"]
[White "Neitzel, Mirko"]
[Black "Pyoekaeri, Oenni"]
[Result "1-0"]
[WhiteElo "1725"]
[BlackElo "1079"]
[PlyCount "52"]
[EventDate "2008.09.12"]
[EventType "team-swiss"]
[EventRounds "6"]
[EventCountry "GER"]
[SourceTitle "EXT 2011"]
[Source "ChessBase"]
[SourceDate "2010.11.26"]
[SourceVersion "1"]
[SourceVersionDate "2010.11.26"]
[SourceQuality "1"]
[WhiteTeam "Segeberg SF"]
[BlackTeam "Werder Bremen"]
[WhiteTeamCountry "GER"]
[BlackTeamCountry "GER"]

1. e4 e5 2. Nf3 Nc6 3. Bc4 Be7 4. d4 exd4 5. Nxd4 Nf6 6. Nc3 0-0 7. a3 Nxe4 8. Nxe4 d5 9. Nxc6 bxc6 10. Bd3 dxe4 11. Bxe4 Qxd1+ 12. Kxd1 Bb7 13. Be3 Bf6 14. c3 Rfe8 15. Bf3 h6 16. Kc2 a6 17. Rad1 Red8 18. Bf4 Rdc8 19. Rhe1 g5 20. Bg3 Ra7 21. Rd7 c5 22. Bh5 Bxg2 23. Rxf7 Rf8 24. Rxc7 Rxc7 25. Bxc7 Bg7 26. Bg3 Rb8 1-0